| 000 | 00415nam a22001217a 4500 | ||
|---|---|---|---|
| 082 | _aTHE 200 | ||
| 100 |
_aUSMAN ALI, _947627 |
||
| 245 | _aTH-SOF-0763-REAL TIME VISUAL TARGET TRACKING AND HARDWARE - SOFTWARE CO DESIGN BASED EMBEDDED SOLUTIONS | ||
| 260 |
_aNUST COLLEGE OF EME _bISLAMABAD _c2001 |
||
| 650 |
_aPHD ELECTRICAL ENGINEERING PHDTHESIS _972806 |
||
| 700 |
_a DR MOHAMMAD BILAL MALIK _918497 |
||
| 942 | _cCF | ||
| 999 |
_c578785 _d578785 |
||